Manchester United 2021/22 Goal Scorers - Statistics

General Stats
  • This quiz has been taken 24 times
  • The average score is 6 of 15
Answer Stats
No. Goals Player % Correct
24 Cristiano Ronaldo
100%
10 Bruno Fernandes
82%
5 Marcus Rashford
59%
6 Mason Greenwood
59%
5 Jadon Sancho
36%
2 Scott McTominay
36%
3 Anthony Elanga
32%
4 Fred
32%
2 Harry Maguire
32%
2 Jesse Lingard
23%
1 Raphael Varane
23%
2 Edinson Cavani
14%
1 Paul Pogba
14%
1 Alex Telles
5%
1 Donny van de Beek
5%
No matching quizzes found
Score Distribution
Percent of People with Each Score
Percentile by Number Answered
Your Score History
You have not taken this quiz